000 01151nam a22002777a 4500
003 OSt
005 20221118131204.0
007 cr ||||||a|c|a
008 221111s2020 mx |d||fom||| 001 0 spa d
040 _erda
100 1 _9185611
_aMartínez Marcos, Diana
245 1 _aInfluencia del precio internacional de la leche en los precios regionales al productor en México /
_cpor Diana Martínez Marcos; director de tesis Gerónimo Barrios Puente
264 1 _aChapingo, México :
_bEl autor,
_c2020.
300 _a1 recurso en línea (147 páginas).
_bgráficas
336 _2rdacontent
_atexto
_btxt
337 _2rdamedia
_acomputadora
_bc
338 _2rdacarrier
_arecurso en línea
_bcr
502 _bMCEARN
_cDICEA
_d2020.
_gMAE
504 _aIncluye referencias bibliográficas: páginas 137-147
650 4 _965398
_aLeche
_xPrecios
650 4 _965383
_aLeche
_xMercadeo
650 4 _992134
_aProductos lácteos
_xMercadeo
700 1 _910529
_aBarrios Puente, Gerónimo
_eDirector de tesis
856 _uhttp://10.13.5.2/tesis/tm/2020_EA_Martinez_Marcos_Diana.pdf
_zDESCARGAR PDF
942 _2Clasificación Universidad Autónoma Chapingo
_cTD
999 _c217773
_d217773